Nuestro mundo 3: Tercero básico. Comprensión del medio natural social y cultural, texto del profesor

Wedi'i Gadw mewn:
Manylion Llyfryddiaeth
Prif Awdur: Martens Albizú, Erich (autor)
Fformat: Llyfr
Iaith:Sbaeneg
Cyhoeddwyd: Santiago Cal y Canto 2001
Pynciau:
Tagiau: Ychwanegu Tag
Dim Tagiau, Byddwch y cyntaf i dagio'r cofnod hwn!

MARC

LEADER 00000nam a2200000 a 4500
001 UCL2502
003 CL-VaPUC
008 031024e20010000CL |||||||||||||||||spa|d
020 |a 9567602360 
082 0 4 |a 372.357  |b MAR  |2 21 
100 |a Martens Albizú, Erich  |e autor  |9 520668 
245 1 0 |a Nuestro mundo 3: Tercero básico. Comprensión del medio natural social y cultural, texto del profesor 
300 |a 176 p 
942 |c BK 
945 |d 20031024 00:00:00  |a cmena 
260 |a Santiago  |b Cal y Canto  |c 2001 
650 0 |a Educación científica   |9 307484 
650 7 |a ENSEÑANZA DE LAS CIENCIAS NATURALES  |2 CL-VaPUC  |9 479612 
650 0 |a Educación básica   |9 224933 
650 0 |a Libros de texto  |9 270019 
583 |a last modification  |c 20150417 16:47:32  |k Rodrigo Vera 
999 |c 305805  |d 305803 
952 |0 0  |1 0  |4 0  |6 372_357000000000000_MAR_2001  |7 0  |8 P  |9 370245  |a BIBEDU  |b BIBEDU  |d 2019-11-21  |i 3955168  |o 372.357 MAR 2001  |p 3955168  |r 2019-11-21  |w 2019-11-21  |y BK  |k EBA 
952 |0 0  |1 0  |4 0  |6 372_357000000000000_MAR_2001  |7 0  |8 P  |9 370246  |a BIBEDU  |b BIBEDU  |c BIBEDU_PB  |d 2019-11-21  |i 3955192  |o 372.357 MAR 2001  |p 3955192  |r 2024-01-25  |w 2019-11-21  |y BK  |k EBA 
952 |0 0  |1 0  |4 0  |6 372_357000000000000_MAR_2001  |7 0  |8 P  |9 370247  |a BIBEDU  |b BIBEDU  |d 2019-11-21  |i 3955206  |o 372.357 MAR 2001  |p 3955206  |r 2019-11-21  |w 2019-11-21  |y BK  |k EBA 
952 |0 0  |1 0  |4 0  |6 372_357000000000000_MAR_2001  |7 0  |8 P  |9 370248  |a BIBEDU  |b BIBEDU  |d 2019-11-21  |i 3955214  |o 372.357 MAR 2001  |p 3955214  |r 2019-11-21  |w 2019-11-21  |y BK  |k EBA 
952 |0 0  |1 0  |4 0  |6 372_357000000000000_MAR_2001  |7 0  |8 P  |9 370249  |a BIBEDU  |b BIBEDU  |c BIBEDU_PB  |d 2019-11-21  |i 3955249  |l 1  |o 372.357 MAR 2001  |p 3955249  |r 2025-04-21  |s 2024-10-01  |w 2019-11-21  |y BK  |k EBA